000 00713nam a2200229Ia 4500
999 _c36169
_d36169
003 GCL
005 20240530103021.0
008 140319s9999 xx 000 0 ara d
040 _aGCL /
_cGCL
082 0 4 _a935.02
_bل ح
100 1 _aلوبون، جوستاف
245 1 0 _aحضارة بابل واشور /
_cلوبون جوستاف
260 _a[S.N] :
_bالمطبعة العصرية
300 _a155 ص
490 _aسلسلة المطبوعات العصرية
_v0
650 0 4 _aالبابليون
650 0 4 _aالتاريخ القديم
650 0 4 _aالاشوريون
650 0 4 _aحضارة العراق القديمة
700 1 _aمحمود خيرت (مترجم)
942 _2ddc
_cBK